| 000 | 01117nam a2200325 a 4500 | ||
|---|---|---|---|
| 999 |
_c5709 _d5709 |
||
| 001 | 1117449 | ||
| 003 | OSt | ||
| 005 | 20201027160839.0 | ||
| 008 | 930922s1992 sz a b i001 0 eng | ||
| 010 | _a 93209805 | ||
| 020 | _a9221071081 | ||
| 020 | _a8185027277 | ||
| 040 |
_aDLC _cDLC |
||
| 050 | 0 | 0 |
_aT60 _b.I57 1992 |
| 082 | 0 | 0 |
_a658.542 _220 _bKAN/I |
| 100 |
_91421 _aKanawaty, George |
||
| 245 | 0 | 0 |
_aIntroduction to work study / _cGeorge Kanawaty |
| 250 | _a4th (rev.) ed. | ||
| 260 |
_aGeneva : _bInternational Labour Office, _c1992. |
||
| 300 |
_axvii, 524 p. : _bill. ; _c28 cm. |
||
| 504 | _aIncludes bibliographical references (p. 503-505) and index. | ||
| 650 | 0 | _aWork measurement. | |
| 650 | 0 | _aMethods engineering. | |
| 650 | 0 | _aProduction management. | |
| 700 |
_aKanawaty, George _91421 |
||
| 710 | 2 |
_aInternational Labour Office _91647 |
|
| 906 |
_a7 _bcbc _corignew _d2 _encip _f19 _gy-gencatlg |
||
| 942 |
_2ddc _cBK _h658.542 _iKAN/I _k658.542 _mKAN/I |
||